Statistics for Deftones Quiz

Click here to take the quiz!

General Stats

  • This quiz has been taken 305 times
  • The average score is 10 of 15

Answer Stats

HintAnswer% Correct
What is the lead vocalist's name?Chino Moreno
97%
How many albums has the band released?8
88%
What year was 'White Pony' released?2000
84%
What year did the band form?1988
80%
Name of the 2012 Deftones albumKoi No Yokan
80%
What was the second commercial album release?Around the Fur
78%
What was the name of the first album the band released?Adrenaline
74%
Which member passed away?Chi Cheng
67%
What song was Maynard James Keenan featured on?Passenger
63%
What is the name of the drummer?Abe Cunningham
60%
A song named after a countryKorea
60%
Name of the lead guitarist?stephen carpenter
60%
Where did the band originate?Sacramento
58%
Which song made Deftones release another issue of White Pony?Back to School (Mini Maggit)
54%
What song did Deftones cover on "For the Masses" Depeche Mode tribute album?To have and to hold
17%

Score Distribution

Percentile by Number Answered

Percent of People with Each Score

Your Score History

You have not taken this quiz